[Event "Galego-ch U16"]
[Site "Padron"]
[Date "2016.03.22"]
[Round "7.6"]
[White "Gonzalez Magarinos, Daniel"]
[Black "Penalonga Arribas, Iago"]
[Result "0-1"]
[WhiteElo "1528"]
[BlackElo "1792"]
[PlyCount "59"]
[EventDate "2016.03.19"]
[EventType "swiss"]
[EventRounds "8"]
[EventCountry "ESP"]
[SourceTitle "EXT 2024"]
[Source "ChessBase"]
[SourceDate "2023.10.10"]
[SourceVersion "1"]
[SourceVersionDate "2023.10.10"]
[SourceQuality "1"]

1. d4 Nf6 2. c4 d5 3. Nc3 e6 4. e3 Be7 5. Bd3 Nbd7 6. Nf3 h6 7. Qc2 0-0 8. 0-0 c6 9. b3 Bd6 10. cxd5 exd5 11. Bb2 Bb8 12. Ne2 Qc7 13. Ng3 Re8 14. Rfe1 Nf8 15. Ne5 Ne6 16. f4 Qd8 17. Nxc6 bxc6 18. Qxc6 Qd7 19. Bb5 Nc7 20. Qxd7 Bxd7 21. Bxd7 Nxd7 22. Nf5 Ne6 23. Ba3 Nf6 24. Ne7+ Kh8 25. f5 Ng5 26. Rac1 Nge4 27. Nc6 Bd6 28. Bxd6 Nxd6 29. Ne5 Rac8 30. Rc6 0-1